| 000 | 01136nam a22003137a 4500 | ||
|---|---|---|---|
| 001 | BRCA_9343 | ||
| 003 | FranzMayer | ||
| 005 | 20230918121225.0 | ||
| 008 | 230825b |||||||| |||| 00| 0 eng d | ||
| 040 |
_aMFM _besp _cMFM |
||
| 050 | 0 |
_aN660.5.S67 _b.N33 2005 |
|
| 110 | 1 |
_4Responsable _aMuseo Nacional de Bellas Artes _929227 |
|
| 240 |
_aSosabravo de hoy _lInglés/Español |
||
| 245 | 0 | _aSosabravo de hoy | |
| 260 |
_aCuba _bEdiciones Portón Caribe _c2005 |
||
| 300 |
_a62 p _bIlustraciones a color _c22 cm |
||
| 500 | _aAnexo 1 | ||
| 500 | _aEl libro contiene una dedicatorio del autor para el museo | ||
| 500 | _aEl libro no cuenta con ISBN | ||
| 505 | _aTexto en: inglés y españolDirigido a: artistas, historiadores de arte. | ||
| 650 | 1 |
_2Artes visuales _aHistoria _vAmerica _929228 |
|
| 651 | 2 |
_2Arte latinoamericano _aCuba _vSosabravo _929229 |
|
| 700 | 1 |
_4Textos _aMontero, Hortensia _929230 |
|
| 700 | 1 |
_4Textos _aRio Fitzsimmons, Liana _929231 |
|
| 700 | 1 |
_4Trad. _aSigarroa, Olimpia _929232 |
|
| 700 | 1 |
_4Foto _aElías, Ricardo _929233 |
|
| 700 | 1 |
_4Dise _aFernández Cáceres, Gonzalo _929234 |
|
| 942 |
_2lcc _cB |
||
| 999 |
_c10965 _d10965 |
||